| 000 | 00000nam##2200000za#4500 |
| 001 | 9.580128 |
| 003 | CaOODSP |
| 005 | 20210927150258 |
| 007 | cr ||||||||||| |
| 008 | 150406|2004||||xxc|||||o f|0| 0 eng|d |
| 040 | |aCaOODSP|beng |
| 043 | |an-cn--- |
| 086 | 1 |aR73-1/8-2004E-PDF |
| 110 | 1 |aCanada. |bIndian and Northern Affairs Canada. |
| 245 | 10|aMoose |h[electronic resource] |
| 260 | |aYellowknife - Northwest Territories : |bIndian and Northern Affairs |c[2004]. |
| 300 | |a2p.|bcoloured figs., coloured illus. |
| 490 | 1 |aNorthwest Territories contaminants fact sheets |
| 590 | |a15-05-Supp|b2015-03-31 |
| 690 | 07|aMammals|2gcpds |
| 690 | 07|aPollution|2gcpds |
| 775 | 08|tL'orignal |w(CaOODSP)9.607221 |
| 830 | #0|aNorthwest Territories contaminants fact sheets.|w(CaOODSP)9.507881 |
| 856 | 40|ahttp://publications.gc.ca|qPDF|s191 KB|uhttps://publications.gc.ca/collections/collection_2014/aadnc-aandc/R73-1-8-2004-eng.pdf |
| 986 | |aQS-Y223-008-EE-A1 |